Las políticas exteriores centroamericanas y las políticas internacionales hacia Centroamérica /

Shranjeno v:
Bibliografske podrobnosti
Glavni avtor: Rojas Aravena, Francisco
Korporativna značnica: Universidad Nacional. Escuela de Relaciones Internacionales
Format: Neznan
Izdano: Heredia: UNA
Oznake: Označite
Brez oznak, prvi označite!

MARC

LEADER 00000 a2200000 04500
001 20848
003
008 991231s d
040
090 |a 089212  
100 |a Rojas Aravena, Francisco  
110 |a Universidad Nacional. Escuela de Relaciones Internacionales  
245 |a Las políticas exteriores centroamericanas y las políticas internacionales hacia Centroamérica /  |c Francisco Rojas Aravena 
260 |a Heredia:   |b UNA  
300 |a 392 p.  
999 |c 16911  |d 16911